| 000 | 01638nam a2200445 i 4500 | ||
|---|---|---|---|
| 001 | 74033 | ||
| 003 | FINmELB | ||
| 005 | 20241217143524.0 | ||
| 006 | m o u | ||
| 007 | cr cn||||||||| | ||
| 008 | 210203s2018 sp o 000 f spa d | ||
| 020 |
_a9788491049999 _q(e-book) |
||
| 035 | _a(OCoLC)1237566977 | ||
| 040 |
_aFINmELB _bspa _erda _cFINmELB |
||
| 050 | 4 |
_aPQ6639.N3 _bU536 2018 |
|
| 080 | _a821.134.2-31"19" | ||
| 082 | 0 | 4 |
_a863.62 _223 |
| 100 | 1 |
_aUnamuno, Miguel de, _d1864-1936, _eautor. |
|
| 245 | 1 | 3 |
_aLa tía Tula / _cMiguel de Unamuno ; introducción de José-Carlos Mainer. |
| 264 | 1 |
_aMadrid : _bAlianza Editorial, _c2018. |
|
| 300 | _a1 recurso en línea (174 páginas) | ||
| 336 |
_atexto _btxt _2rdacontent/spa |
||
| 337 |
_acomputadora _bc _2rdamedia/spa |
||
| 338 |
_arecurso en línea _bcr _2rdacarrier/spa |
||
| 490 | 0 |
_aUnamuno ; _v3 |
|
| 490 | 1 | _aEl libro de bolsillo. Biblioteca de autor | |
| 588 | _aDescripción basada en metadatos suministrados por el editor y otras fuentes. | ||
| 590 | _aRecurso electrónico. Santa Fe, Arg.: elibro, 2021. Disponible vía World Wide Web. El acceso puede estar limitado para las bibliotecas afiliadas a elibro. | ||
| 650 | 0 |
_aFamilies _vFiction. |
|
| 650 | 0 |
_aStepmothers _vFiction. |
|
| 650 | 4 |
_aFamilia _vNovela. |
|
| 650 | 4 |
_aMadrastras _vNovela. |
|
| 650 | 4 | _aAmor maternal. | |
| 797 | 2 | _aelibro, Corp. | |
| 830 | 3 |
_aEl libro de bolsillo. _pBiblioteca de autor. |
|
| 856 | 4 | 0 | _uhttps://elibro.net/ereader/politecnicointernacional/122855 |
| 999 |
_c74033 _d74033 |
||